00515nam a2200157 a 450000100100000000500170001000800410002704000240006810000280009224500390012026000450015930000220020404900090022695201050023599900170034000003481920200930073926.0111020s1956 fr 000 0 spa d aDO-SdBNPbfrcBNPHU1 aRolland, Romainl96033810aJean-Christophe /cRomain Rolland. aParis :bÉditions Albin Michel,c1956. a1607 p. ;c19 cm. aBNPD 001050718MOaGRbGRcCTd2011-10-20iLF1l0o p34819-10r2020-06-25w2020-06-25y1ZNo se presta c34310d34310